000 00390pab a2200157 454500
008 180718b2008 xxu||||| |||| 00| 0 eng d
100 _aSrinivasan, M.S.
245 _aMotivation and human growth: a developmental perspective
260 _c2008
300 _ap.63-71.
362 _aJan-Jun
650 _aMotivation
773 _aJournal of Human Values
908 _aN
909 _a79414
999 _c79414
_d79414